Riadenie znalostí podniku diplomová práca

Uložené v:
Podrobná bibliografia
Hlavný autor: Benko, Martin
Korporativný autor: Fakulta podnikového manažmentu EU. Katedra manažmentu výroby a logistiky - zrušená
Ďalší autori: Džubáková, Martina
Médium: Kniha
Jazyk:Slovak
Vydavateľské údaje: Bratislava 2014
Tagy: Pridať tag
Žiadne tagy, Buďte prvý, kto otaguje tento záznam!

MARC

LEADER 00000nbm a2200000 4500
001 0187811
005 20170201091242.8
041 0 |a slo 
044 |a SK 
245 1 0 |a Riadenie znalostí podniku  |b diplomová práca  |c Martin Benko ; školiteľ: Martina Džubáková 
264 1 |a Bratislava  |c 2014 
300 |a 67 s. 
100 1 |a Benko, Martin 
700 1 |a Džubáková, Martina 
710 2 |a Fakulta podnikového manažmentu EU. Katedra manažmentu výroby a logistiky - zrušená